000 02763nam a2200481 c 4500
003 BLK
005 20240315005323.0
008 180408b bul|||||r ||||||| ||bul||
010 _aKNG00072946000
020 _a954-90275-9-7
_bиздат.: РИК БИ
040 _aBLK
041 _aBUL
_cBUL
_hENG
080 _aГраждани и поданици в чужбина. Национални малцинства и оптанти като външнополитически проблем
_b327.58
_x
_z327.58
080 _aНамаляването на напрежението (разведряване) на политическото положение. Уреждане на международните конфликти
_b327.56
_x
_z327.56
080 _aНационални малцинства. Оптанти
_b323.15
_x(100)
_z323.15(100)
100 1 _aХарф, Барбара
_eпърви автор
_9136445
700 1 _aГър, Тед Робърт
_eсъавт.
_957435
700 1 _aМомчилова, Адриана Николова
_9370969
700 1 _aДерменджиева, Мария Христова
_eпрев. от англ.
_9294011
139 _aХарф, Барбара и др.
_bХ 29
245 1 0 _aЕтнически конфликт в световната политика
_cБарбара Харф; съавт. Тед Робърт Гър; прев. от англ. Адриана Николова Момчилова; прев. от англ. Мария Христова Дерменджиева.
257 _aUSA
260 В. Търново
_bРИК БИ
_c2004
300 _a231 с.
_bс ил.
_c21 см
380 _a3
500 _aОриг. загл. Ethnic Conflict in World Politics / Barbara Harff, Ted Robert Gurr. - В кн. означено 2. изд. - Текст и на англ. ез. - Офс. изд. - Съдържа и Речник ; За книгата и нейните автори ; Азб. показалец. - Библиогр. с. 205-211.
504 _a205-211
650 4 _aКонфликти, етнически
_9294012
650 4 _aНационален въпрос и национална политика
_9280019
650 0 _aМеждународни отношения
_9245477
650 4 _aМалцинства
_9161037
653 _aнационални конфликти
653 _aнационален въпрос
653 _aнационална политика
653 _aмалцинства
653 _aмеждународни отношения
852 _aЦб 232397
856 4 _qpdf
_u
856 4 _qpdf
_u
942 _cKNG
_n0
944 _aCR
_c15.03.2007
_k
_lCRON CRON
944 _aED
_c24.03.2007
_k
999 _c68622
_d68622